| 000 | 00000nam##2200000za#4500 |
| 001 | 9.644296 |
| 003 | CaOODSP |
| 005 | 20250506145324 |
| 007 | cr ||||||||||| |
| 008 | 150407|1963||||xxc|||||o f|0| 0 fre|d |
| 040 | |aCaOODSP|bfre |
| 043 | |an-cn--- |
| 086 | 1 |aA53-1186/1963F-PDF |
| 110 | 1 |aCanada.|bAgriculture Canada. |
| 245 | 10|aProbabilité des températures gélives à sept stations du Québec : |h[ressource électronique]|bLa Pocatière, l'Assomption, Ste-Clotilde, Port-Daniel, Lennoxville, Normandin, Amos / |c[par] C.E. Ouellet et G. Laporte. |
| 260 | |aOttawa - Ontario : |bAgriculture Canada |c1963. |
| 300 | |a28p.|btableaux |
| 500 | |aPublication historique numérisée par Agriculture et Agroalimentaire Canada |
| 590 | |a15-03-Supp|b2015-03-13 |
| 720 | 1 |aOuellet, C. E. |
| 720 | 1 |aLaporte, G. |
| 856 | 40|ahttp://publications.gc.ca|qPDF|s1446 Ko|uhttps://publications.gc.ca/collections/collection_2015/aac-aafc/A53-1186-1963-fra.pdf |
| 986 | |aPublication 1186 |